000 00537nam a22001817a 4500
003 DO-SdBNP
005 20171023111833.0
008 171019b 2007|||| |||| 00| 0 spa d
040 _aBPMSU
_bspa
_cBPMSU
245 1 _aIdeario de Duarte /
_ccompilador Vetilio Alfau Duran
250 _a21va. ed.
260 _aSanto Domingo :
_bInstituto Duartiano ;
_c2007.
300 _a30 p. :
_bil. ;
_c14 cm.
700 1 _aAlfau DurĂ¡n, Vetilio,
_ecomp.
942 _2ddc
_cBK
945 _aInventariado / 2017 VM
956 _aBTAVAREZ
_b10
_c20171019
_d0038
999 _c12640
_d12640